[Event "Zillertal Open"]
[Site "Zillertal"]
[Date "1993.??.??"]
[Round "?"]
[White "Kveinys, Aloyzas"]
[Black "Martynov, Pavel"]
[Result "1-0"]
[WhiteElo "2555"]
[BlackElo "2425"]
[PlyCount "101"]
[EventDate "1993.06.??"]
[Source "www.chesslib.no"]
[SourceDate "2004.05.04"]

1. e4 e5 2. Nf3 Nc6 3. Bb5 Nd4 4. Nxd4 exd4 5. O-O Bc5 6. d3 c6 7. Ba4 Ne7 8. f4 f5 9. Bb3 d5 10. exd5 Nxd5 11. Re1+ Kf7 12. Nd2 Bb4 13. Re5 Bd6 14. Bxd5+ cxd5 15. Re1 Bb4 16. a3 Bxd2 17. Qxd2 Re8 18. Rxe8 Qxe8 19. Qf2 Bd7 20. Bd2 Qd8 21. Qxd4 Qb6 22. Be3 Qxd4 23. Bxd4 Rc8 24. c3 Ba4 25. Kf2 a6 26. Ke3 Re8+ 27. Be5 g5 28. Kd4 gxf4 29. Rf1 Rg8 30. Rf2 f3 31. gxf3 Bb5 32. b3 Rg1 33. a4 Bc6 34. a5 h5 35. c4 dxc4 36. bxc4 h4 37. Kc5 h3 38. Bf4 Rg2 39. Rf1 Ra2 40. d4 Rxa5+ 41. Kd6 Ra3 42. d5 Ba4 43. Rg1 Bb3 44. Be5 Bxc4 45. Rg7+ Kf8 46. Rc7 b5 47. Ke6 Kg8 48. Rxc4 bxc4 49. d6 Rb3 50. d7 Rd3 51. Bd6 1-0

[Event "Haifa"]
[Site "?"]
[Date "1989.??.??"]
[Round "?"]
[White "Georgiev, Kr"]
[Black "Hector, J."]
[Result "1-0"]
[WhiteElo "2480"]
[BlackElo "2500"]
[PlyCount "97"]
[EventDate "1989.??.??"]
[Source "ChessBase"]
[SourceDate "1989.07.01"]

1. e4 e5 2. Nf3 Nc6 3. Bb5 Nd4 4. Ba4 b5 5. Bb3 Nxb3 6. axb3 Nf6 7. O-O d6 8. d4 Bb7 9. Re1 a6 10. Nc3 Be7 11. dxe5 dxe5 12. Qxd8+ Rxd8 13. Nxe5 b4 14. Nd5 Nxd5 15. exd5 Rxd5 16. Bf4 g5 17. Bxg5 f6 18. Nc6 Bxc6 19. Bxf6 O-O 20. Bxe7 Rf4 21. g3 Rfd4 22. Rxa6 Re4 23. Bxb4 Rxe1+ 24. Bxe1 Bd7 25. Ra1 Re5 26. h4 Re2 27. Rc1 Bf5 28. Kf1 Rxc2 29. Rxc2 Bxc2 30. b4 Bd3+ 31. Kg2 h5 32. Kf3 Kf7 33. Kf4 Kg6 34. f3 c6 35. Bf2 Be2 36. g4 Bd1 37. Bb6 Be2 38. Bd8 Bd1 39. Bg5 Be2 40. Bd8 Bd1 41. Bb6 Be2 42. g5 Bd3 43. Ke5 Bc2 44. Bf2 Bd3 45. f4 Bc2 46. Be1 Bd3 47. b3 Bc2 48. Kd6 Kf5 49. Kxc6 1-0

[Event "RUS-ch KO"]
[Site "Moscow"]
[Date "1999.12.16"]
[Round "1.4"]
[White "Akhmetov, Artiom"]
[Black "Berdichevski, Igor"]
[Result "1/2-1/2"]
[WhiteElo "2438"]
[BlackElo "2538"]
[PlyCount "94"]
[EventDate "1999.12.04"]
[Source "ChessBase"]
[SourceDate "2000.04.05"]

1. e4 Nc6 2. Nf3 e5 3. Bb5 Nd4 4. Nxd4 exd4 5. O-O Bc5 6. d3 Ne7 7. Nd2 O-O 8. Nf3 a5 9. c3 dxc3 10. bxc3 c6 11. Ba4 d5 12. d4 dxe4 13. dxc5 Qxd1 14. Bxd1 exf3 15. Bxf3 Be6 16. Bf4 Rfd8 17. Rfb1 Rd7 18. a4 f6 19. h3 Kf7 20. Rb2 Bc4 21. Bh5+ g6 22. Bg4 f5 23. Bf3 Rad8 24. Re1 Nd5 25. Bxd5+ cxd5 26. Reb1 Ba6 27. Be3 Re8 28. Rb6 Rc7 29. c6 Rxc6 30. Rxc6 bxc6 31. Rb6 Be2 32. Rxc6 Re4 33. Bd4 Bd1 34. Rc5 f4 35. Rxd5 f3 36. Rxa5 h5 37. Re5 Re2 38. gxf3 Ra2 39. Kg2 Rxa4 40. h4 Bb3 41. Kg3 Ra1 42. Rb5 Be6 43. Rb7+ Kf8 44. Kf4 Bf5 45. c4 Ra4 46. Bc5+ Ke8 47. Bb4 Ra2 1/2-1/2

[Event "GRE Ch"]
[Site "Karditsa"]
[Date "1995.??.??"]
[Round "?"]
[White "Kotronias, Vasilios"]
[Black "Kofidis, Andreas"]
[Result "1-0"]
[WhiteElo "2570"]
[BlackElo "2405"]
[PlyCount "47"]
[EventDate "1995.??.??"]
[Source "www.chesslib.no"]
[SourceDate "2004.05.04"]

1. e4 e5 2. Nf3 Nc6 3. Bb5 Nd4 4. Nxd4 exd4 5. O-O Bc5 6. d3 Ne7 7. Ba4 c6 8. f4 d5 9. f5 O-O 10. Nd2 a5 11. a3 f6 12. Bb3 a4 13. Ba2 g6 14. exd5 cxd5 15. Ne4 Bb6 16. fxg6 Nxg6 17. Rxf6 Kh8 18. Rxf8+ Qxf8 19. Bxd5 Ra5 20. Ba2 Rf5 21. Qe1 Ne5 22. Ng3 Qg7 23. Qe4 Rf6 24. Nh5 1-0

[Event "Skanska Cup"]
[Site "Olomouc"]
[Date "2004.07.10"]
[Round "9"]
[White "Babula, Vlastimil"]
[Black "Jirka, Jiri"]
[Result "1/2-1/2"]
[WhiteElo "2569"]
[BlackElo "2406"]
[PlyCount "33"]
[EventDate "2004.07.04"]
[Source "Roberto Alvarez"]
[SourceDate "2004.08.24"]

1. e4 e5 2. Nf3 Nc6 3. Bb5 Nd4 4. Nxd4 exd4 5. Bc4 c6 6. O-O d5 7. exd5 cxd5 8. Bb5+ Bd7 9. Re1+ Be7 10. c4 Bxb5 11. cxb5 f6 12. Qg4 Qb6 13. Qh5+ Kd8 14. b3 Qxb5 15. Bb2 Qe8 16. Qe2 Qd7 17. Na3 1/2-1/2

[Event "Soviet Union"]
[Site "Soviet Union"]
[Date "1987.??.??"]
[Round "?"]
[White "Mikhalchishin, Adrian B"]
[Black "Kupreichik, Viktor D"]
[Result "0-1"]
[WhiteElo "2500"]
[BlackElo "2475"]
[PlyCount "78"]
[EventDate "1987.??.??"]
[Source "www.chesslib.no"]
[SourceDate "2004.05.04"]

1. e4 e5 2. Nf3 Nc6 3. Bb5 Nd4 4. Nxd4 exd4 5. O-O Bc5 6. Bc4 d6 7. c3 c6 8. d3 Nf6 9. Bg5 h6 10. Bh4 g5 11. Bg3 h5 12. b4 Bb6 13. Re1 Ng4 14. h3 h4 15. Qf3 Rh7 16. Bxd6 Qxd6 17. hxg4 Qe5 18. Na3 dxc3 19. Nc2 Be6 20. d4 Bxd4 21. Bxe6 fxe6 22. Nxd4 Qxd4 23. Rad1 Qe5 24. Qd3 Rf7 25. Re3 a5 26. a3 axb4 27. axb4 Qf4 28. Rf3 Qxg4 29. Rxf7 Kxf7 30. Qd7+ Kf6 31. f3 Qf4 32. Qh7 c2 33. Qh6+ Ke7 34. Qg7+ Qf7 35. Rd7+ Kxd7 36. Qxf7+ Kd6 37. e5+ Kd5 38. Qd7+ Kc4 39. Qxe6+ Kb5 0-1

[Event "Moscow RUS"]
[Site "Moscow RUS"]
[Date "1990.??.??"]
[Round "7"]
[White "Mukhametov, Eldar"]
[Black "Chandler, Murray G"]
[Result "1-0"]
[WhiteElo "2390"]
[BlackElo "2585"]
[PlyCount "56"]
[EventDate "1990.??.??"]
[Source "www.chesslib.no"]
[SourceDate "2004.05.04"]

1. e4 e5 2. Nf3 Nc6 3. Bb5 Nd4 4. Nxd4 exd4 5. O-O Bc5 6. e5 Ne7 7. d3 O-O 8. Bg5 d5 9. exd6 Qxd6 10. Re1 f6 11. Bc4+ Kh8 12. Bh4 Nf5 13. Bg3 Nxg3 14. hxg3 Bd7 15. Nd2 f5 16. f4 Qg6 17. Kf2 Rae8 18. Nf3 Re3 19. Rh1 Be7 20. Qg1 Re8 21. Qh2 h6 22. Ne5 Qb6 23. Nxd7 Qxb2 24. Qh5 Qxc2+ 25. Kg1 Bd6 26. Ne5 R8xe5 27. fxe5 Bxe5 28. Qe8+ Kh7 1-0

[Event "Alma-Ata"]
[Site "Alma Ata KAZ"]
[Date "1989.??.??"]
[Round "14"]
[White "Kuczynski, Robert"]
[Black "Malaniuk, Vladimir P"]
[Result "1/2-1/2"]
[WhiteElo "2450"]
[BlackElo "2520"]
[PlyCount "35"]
[EventDate "1989.06.??"]
[Source "www.chesslib.no"]
[SourceDate "2004.05.04"]

1. e4 e5 2. Nf3 Nc6 3. Bb5 Nd4 4. Nxd4 exd4 5. Qh5 Nf6 6. Qe5+ Qe7 7. Qxd4 Qxe4+ 8. Qxe4+ Nxe4 9. O-O Be7 10. Re1 Nf6 11. d4 c6 12. Bd3 d5 13. Nd2 Be6 14. Nf3 Nd7 15. Ng5 Nf8 16. Bd2 h6 17. Nf3 Nd7 18. c3 1/2-1/2

[Event "ARG-ch"]
[Site "Buenos Aires"]
[Date "1975.??.??"]
[Round "15"]
[White "Rubinetti, Jorge Alberto"]
[Black "Sanguinetti, Raul"]
[Result "1/2-1/2"]
[WhiteElo "2440"]
[BlackElo "2530"]
[PlyCount "132"]
[EventDate "1975.??.??"]
[Source "ChessBase"]

1. e4 e5 2. Nf3 Nc6 3. Bb5 Nd4 4. Nxd4 exd4 5. O-O Bc5 6. d3 Ne7 7. c3 O-O 8. Nd2 c6 9. Ba4 dxc3 10. bxc3 d5 11. d4 Bb6 12. Bc2 dxe4 13. Nxe4 Bf5 14. Ba3 Bxe4 15. Bxe4 Re8 16. Qc2 h6 17. Rad1 Nd5 18. Bf3 Qf6 19. c4 Nf4 20. Bb2 Rad8 21. d5 Qg5 22. g3 cxd5 23. Bc1 Qg6 24. Qxg6 Nxg6 25. cxd5 Ne5 26. Be2 Bc5 27. Kg2 Re7 28. Bb2 Nd7 29. Bf3 Nb6 30. Bd4 Bxd4 31. Rxd4 Rd6 32. Rc1 g6 33. a4 Rd8 34. a5 Nc8 35. Rdc4 Nd6 36. Rc7 Rdd7 37. R7c2 a6 38. h4 Kg7 39. Rc5 f5 40. R5c2 Kf6 41. Kf1 Nb5 42. Rd2 Rd6 43. Rb2 g5 44. Rc4 g4 45. Bg2 Rdd7 46. f3 gxf3 47. Bxf3 Rc7 48. Rxc7 Rxc7 49. Kf2 Rc5 50. Re2 Nd4 51. Rd2 Nxf3 52. Kxf3 Ke7 53. Kf4 Rxa5 54. Kxf5 b5 55. g4 b4 56. g5 hxg5 57. hxg5 b3 58. g6 Rb5 59. Re2+ Kd6 60. g7 Rb8 61. Rb2 Rg8 62. Kf6 Rb8 63. Kf7 Rb7+ 64. Kg6 Rb8 65. Kf7 Rb7+ 66. Kg6 Rb8 1/2-1/2

[Event "ch"]
[Site "Santa Fe ch"]
[Date "1975.??.??"]
[Round "15"]
[White "Rubinetti, Jorge A"]
[Black "Sanguinetti, Raul C"]
[Result "1/2-1/2"]
[WhiteElo "2440"]
[BlackElo "2530"]
[PlyCount "87"]
[EventDate "1975.??.??"]
[Source "www.chesslib.no"]
[SourceDate "2004.05.04"]

1. e4 e5 2. Nf3 Nc6 3. Bb5 Nd4 4. Nxd4 exd4 5. O-O Bc5 6. d3 Ne7 7. c3 O-O 8. Nd2 c6 9. Ba4 dxc3 10. bxc3 d5 11. d4 Bb6 12. Bc2 dxe4 13. Nxe4 Bf5 14. Ba3 Bxe4 15. Bxe4 Re8 16. Qc2 h6 17. Rad1 Nd5 18. Bf3 Qf6 19. c4 Nf4 20. Bb2 Rad8 21. d5 Qg5 22. g3 cxd5 23. Bc1 Qg6 24. Qxg6 Nxg6 25. cxd5 Ne5 26. Be2 Bc5 27. Kg2 Re7 28. Bb2 Nd7 29. Bf3 Nb6 30. Bd4 Bxd4 31. Rxd4 Rd6 32. Rc1 g6 33. a4 Rd8 34. a5 Nc8 35. Rb4 Nd6 36. Rc3 Rdd7 37. Re3 a6 38. Kf1 Kh8 39. Rc3 f5 40. Rcb3 f4 41. Bh5 Nb5 42. Ra4 Rd6 43. Re3 Kh7 44. Ree4 1/2-1/2

[Event "Belgorod"]
[Site "Belgorod"]
[Date "1991.??.??"]
[Round "?"]
[White "Maciejewski, Andrzej"]
[Black "Yakovich, Yuri"]
[Result "1/2-1/2"]
[WhiteElo "2435"]
[BlackElo "2530"]
[PlyCount "26"]
[EventDate "1991.??.??"]
[Source "ChessBase"]

1. e4 e5 2. Nf3 Nc6 3. Bb5 Nd4 4. Nxd4 exd4 5. O-O Bc5 6. d3 c6 7. Bc4 d6 8. Re1 Ne7 9. Qh5 d5 10. exd5 cxd5 11. Bb5+ Bd7 12. Bxd7+ Qxd7 13. Bg5 O-O 1/2-1/2

[Event "Kiev"]
[Site "Kiev"]
[Date "1989.??.??"]
[Round "?"]
[White "Gazik, Igor"]
[Black "Malaniuk, Vladimir P"]
[Result "0-1"]
[WhiteElo "2405"]
[BlackElo "2560"]
[PlyCount "80"]
[EventDate "1989.??.??"]
[Source "ChessBase"]

1. e4 e5 2. Nf3 Nc6 3. Bb5 Nd4 4. Bc4 Bc5 5. Nxd4 Bxd4 6. c3 Bb6 7. d4 Qe7 8. O-O Nf6 9. Re1 d6 10. a4 a6 11. a5 Ba7 12. h3 O-O 13. Bg5 h6 14. Bh4 Kh7 15. Na3 g5 16. Bg3 Ne8 17. Nc2 Ng7 18. Ne3 c6 19. b3 f6 20. Ra2 Bd7 21. Rd2 Rad8 22. Be2 Bb8 23. Qc2 Be8 24. Bg4 Bg6 25. Bf5 Nxf5 26. Nxf5 Qe6 27. Red1 d5 28. dxe5 fxe5 29. Ne3 Bxe4 30. Qxe4+ dxe4 31. Rxd8 Rxd8 32. Rxd8 Bc7 33. Ra8 Qxb3 34. Ng4 h5 35. Nf6+ Kg6 36. Ne8 h4 37. Bxh4 Bxa5 38. Bg3 Bxc3 39. Nd6 Qd1+ 40. Kh2 Qxd6 0-1

[Event "Zenica"]
[Site "?"]
[Date "1987.??.??"]
[Round "?"]
[White "Horvath, Jo"]
[Black "Flear, G."]
[Result "0-1"]
[WhiteElo "2470"]
[BlackElo "2495"]
[PlyCount "44"]
[EventDate "1987.??.??"]
[Source "ChessBase"]
[SourceDate "1987.01.01"]

1. e4 e5 2. Nf3 Nc6 3. Bb5 Nd4 4. Nxd4 exd4 5. O-O Bc5 6. Qg4 Qf6 7. b4 Bxb4 8. c3 Be7 9. cxd4 Qxd4 10. Nc3 c6 11. Ba4 d5 12. Qg3 dxe4 13. Bb2 Nf6 14. Qxg7 Rg8 15. Qh6 Rg6 16. Qe3 Qxe3 17. fxe3 Bh3 18. Rf2 O-O-O 19. Re1 Ng4 20. Rf4 Ne5 21. Re2 Nf3+ 22. Kf1 Rxg2 0-1